A guide book to computer science (Record no. 176537)

000 -LEADER
fixed length control field 00856 a2200181 4500
003 - CONTROL NUMBER IDENTIFIER
control field Nust
005 - DATE AND TIME OF LATEST TRANSACTION
control field 20220721110759.0
040 ## - CATALOGING SOURCE
Transcribing agency Nust
082 ## - DEWEY DECIMAL CLASSIFICATION NUMBER
Classification number 004,ASL
100 ## - MAIN ENTRY--PERSONAL NAME
Personal name Aslam, Muhammad
9 (RLIN) 94284
245 ## - TITLE STATEMENT
Title A guide book to computer science
Remainder of title intermediate class-XI /
Statement of responsibility, etc. Muhammad Aslam, Muhammad Tauqeer
260 ## - PUBLICATION, DISTRIBUTION, ETC.
Place of publication, distribution, etc. Lahore
Name of publisher, distributor, etc. Polymer Books
Date of publication, distribution, etc. 1999
300 ## - PHYSICAL DESCRIPTION
Extent 220 p.
505 ## - FORMATTED CONTENTS NOTE
Formatted contents note Introduction to computer (Page 7), Digital computer components (Page 19), The Peripheral devices (Page 37), Data Representation (Page 59), Boolean Algebra (Page 104), Simplification and implementation of Boolean Functions (Page 140), Data Communication (Page 176), Introduction to disk operating system (DOS) (Page 196), Examination paper (Lahore Board) (Page 217).
650 ## - SUBJECT ADDED ENTRY--TOPICAL TERM
Topical term or geographic name entry element Computer science
700 ## - ADDED ENTRY--PERSONAL NAME
Personal name Muhammad Tauqueer
9 (RLIN) 94285
942 ## - ADDED ENTRY ELEMENTS (KOHA)
Source of classification or shelving scheme
Koha item type Book
Call number prefix 004,ASL
Holdings
Withdrawn status Lost status Source of classification or shelving scheme Damaged status Not for loan Permanent Location Current Location Shelving location Date acquired Full call number Barcode Date last seen Price effective from Koha item type Public note
          Military College of Signals (MCS) Military College of Signals (MCS) General Stacks 12/12/2016 004,ASL MCS30542 12/08/2016 12/12/2016 Book Almirah No.1, Shelf No.3
© 2023 Central Library, National University of Sciences and Technology. All Rights Reserved.